Movies by Picture - F - Statistics

General Stats
  • This quiz has been taken 760 times
  • The average score is 10 of 16
Answer Stats
Picture Answer % Correct
Forrest Gump
99%
Frankenstein
95%
Fast Five
89%
Fight Club
88%
Fantastic Four
81%
Free Willy
71%
Fantasia 2000
69%
Fantastic Beasts and Where to Find Them
68%
Five Nights at Freddy's
67%
Fifty Shades of Grey
63%
Freaky Friday
60%
Full Metal Jacket
48%
Fury
45%
The Fifth Element
41%
Friends with Benefits
40%
The Fly
24%
No matching quizzes found
Score Distribution
Percent of People with Each Score
Percentile by Number Answered
Your Score History
You have not taken this quiz